000 00407pab a2200157 454500
008 180718b2006 xxu||||| |||| 00| 0 eng d
100 _aChoudhary, Sujit Kumar
245 _aHigher education and social stratification in India
260 _c2006
300 _ap.32-34.
362 _a8 April
650 _aHigher education - India
650 _aHigher education
773 _aMainstream
909 _a69134
999 _c69134
_d69134